Which Country Has a Stronger Military? - Statistics

General Stats
  • This quiz has been taken 185 times
  • The average score is 10 of 15
Answer Stats
Question Answer % Correct
Stronger military? India
97%
Stronger military? Ukraine
96%
Stronger military? Iran
93%
Stronger military? Argentina
90%
Stronger military? Colombia
81%
Stronger military? Israel
78%
Stronger military? Spain
75%
Stronger military? Nigeria
69%
Stronger military? Canada
66%
Stronger military? Vietnam
61%
Stronger military? United Kingdom
54%
Stronger military? Hungary
43%
Stronger military? Yemen
39%
Stronger military? Italy
31%
Stronger military? Nigeria
25%
No matching quizzes found
Score Distribution
Percent of People with Each Score
Percentile by Number Answered
Your Score History
You have not taken this quiz